Países más cercanos a Santa Lucía - ¡Muerte súbita! - Estadísticas

Estadísticas generales
  • Esta prueba ha sido intentada 16 veces
  • La puntuación promedio es 8 de 15
Answers on the Grid
Answers color-coded by a green-red scale on the quiz's grid according to % correct below.
San Vicente y las Granadinas
Dominica
Granada
Barbados
Trinidad y Tobago
Antigua y Barbuda
San Cristóbal y Nieves
Guyana
Venezuela
República Dominicana
Haití
Brasil
Surinam
Colombia
Bahamas
Estados Unidos
Cuba
Jamaica
México
Belice
Guatemala
El Salvador
Honduras
Nicaragua
Costa Rica
Panamá
Ecuador
Bolivia
Perú
Paraguay
 
Estadísticas de respuestas
Respuesta % Correcto
San Cristóbal y Nieves
82%
San Vicente y las Granadinas
73%
Antigua y Barbuda
64%
Dominica
64%
Granada
64%
Trinidad y Tobago
64%
Bahamas
55%
Barbados
55%
República Dominicana
55%
Haití
45%
Venezuela
36%
Colombia
27%
Guyana
27%
Surinam
27%
Brasil
18%
No se encontraron pruebas coincidentes
Distribución de puntuación
Porcentaje de gente con cada puntuación
Porcentaje por número respondido
Historial de tus puntuaciones
No has intentado esta prueba.